Tutta un'altra storia : come spiegare ai bambini la diversità /

Se vogliamo far crescere i nostri bambini come figli di un mondo multietnico, aperto al nuovo e tollerante, dobbiamo aiutarli a comprendere e apprezzare il valore delle differenze sin da quando sono piccoli. Ma come possiamo spiegare loro un argomento tanto difficile con parole semplici e facilmente...

पूर्ण विवरण

में बचाया:
ग्रंथसूची विवरण
मुख्य लेखक: Maùti, Elisabetta (लेखक)
अन्य लेखक: Crisà, Salvatore (व्याख्याता)
स्वरूप: पुस्तक
भाषा:इतालवी
प्रकाशित: Trento : Erickson, 2013
श्रृंखला:Capire con il cuore
विषय:
टैग: टैग जोड़ें
कोई टैग नहीं, इस रिकॉर्ड को टैग करने वाले पहले व्यक्ति बनें!

MARC

LEADER 00000nam a22000007i 4500
001 IT\ICCU\PAV\0065947
003 ItRI
005 20260115232116.0
008 130304s2013 it |||||| |||||1|||||c
020 |a 9788859001645 
040 |b ita  |c importazione bologna sebina 
041 7 |a ita  |2 ISO-639-2 
082 |a 808.83  |9 RACCOLTE DI PIU DI DUE LETTERATURE. NARRATIVA  |2 21 
100 1 |a Maùti, Elisabetta  |0 IT\ICCU\LZ1V\110163  |4 aut 
245 1 0 |a Tutta un'altra storia :  |b come spiegare ai bambini la diversità /  |c Elisabetta Maùti ; illustrazioni di Salvatore Crisà. 
260 |a Trento :  |b Erickson,  |c 2013 
300 |a 106 p. :  |b ill. ;  |c 15 x 24 cm 
520 |a Se vogliamo far crescere i nostri bambini come figli di un mondo multietnico, aperto al nuovo e tollerante, dobbiamo aiutarli a comprendere e apprezzare il valore delle differenze sin da quando sono piccoli. Ma come possiamo spiegare loro un argomento tanto difficile con parole semplici e facilmente comprensibili? Attraverso 10 favole ambientate negli scenari più insoliti e inconsueti, questo libro ci darà la possibilità di entrare con i nostri piccoli in un mondo abitato da personaggi diversi, con il preciso obiettivo di aiutarli a comprendere che della diversità non si deve avere paura, né vergogna. Queste storie ci insegnano che siamo tutti un po' diversi dagli altri, sia dentro che fuori ed è proprio questa differenza che ci contraddistingue, rendendoci unici e speciali. Il libro, pensato per bambini dai 3 ai 6 anni, vuole essere uno strumento didattico per fare fronte alle piccole e grandi differenze di cui sono pieni sia il mondo che la nostra vita, perché siano sempre fonte di ricchezza e apertura e non di dolore o di esclusione. Età di lettura: da 7 anni. 
650 7 |a Favole  |x Funzione educativa  |2 scbi 
650 7 |a Favole  |x Funzione educativa  |x Libri per ragazzi  |2 scbi 
700 1 |a Crisà, Salvatore  |0 IT\ICCU\PAVV\020831  |4 ill 
830 0 |a Capire con il cuore  |0 IT\ICCU\PAR\0648123 
942 |2 ddc  |c BK  |n 0 
952 |0 0  |1 0  |4 0  |6 R_371_102000000000000_MAU  |7 0  |9 20196  |a BO  |b BO  |d 2026-01-15  |i 18309  |l 0  |o R 371.102 MAU  |p BO18309  |r 2026-01-15 23:21:16  |w 2026-01-15  |x [Sebina 5] [1 v.]  |y BK  |z 1 v. 
999 |c 17225  |d 17225